00683nam a22001937a 4500001000500000005001700005020001800022040002900040050000900069082001100078100002800089245005200117250003800169260003100207505000700238520020100245521002600446521001700472279320240115142126.0 a9781405072656 aFISKHbengcFISKHdFISKH aS847 a428.64 aStevenson, Robert Louis aDr Jekyll and Mr Hyde /cRobert Louis Stevenson aThis edition first published 2005 aOxford :bMacmillan,c1995 aJ  aThis series provides a wide variety of reading material for all learners of English. The books are retold versions of popular classics and contemporary titles as well as specially written stories. a500 bLexile estimate aJ bRaz-Plus